| 000 | 00556nam a22001932 4500 | ||
|---|---|---|---|
| 001 | 0000011740 | ||
| 005 | 20151217155846.0 | ||
| 008 | 090106s xx 000 0 eng d | ||
| 040 |
_aKABU _cKABU |
||
| 100 | 1 |
_a[Cooper, F.] _@0000167737 |
|
| 245 | 1 | 0 |
_aOn Safari / _c[F. Cooper] |
| 250 | _a1st ed. | ||
| 260 |
_aCape Town : _bJ. C. Juta, _c1917. |
||
| 300 | _a90 p. | ||
| 650 | 0 |
_aWorld War, 1914-1918 _xCampaigns _zGerman East Africa. _@0000161449 |
|
| 852 | 1 | _9p100 KES | |
| 908 | _a090106 | ||
| 950 | _@1 | ||
| 999 |
_c13368 _d13368 |
||